[Event "Subotica Interzonal (Women)"]
[Site "Subotica"]
[Date "1991.??.??"]
[Round "12"]
[White "Galliamova, Alisa"]
[Black "Levitina, Irina S"]
[Result "0-1"]
[WhiteElo "2435"]
[BlackElo "2370"]
[PlyCount "112"]
[EventDate "1991.11.??"]
[EventType "swiss"]
[EventRounds "13"]
[EventCountry "YUG"]
[SourceTitle "TD"]
[Source "ChessBase"]
[SourceDate "1994.03.01"]
[SourceVersion "1"]
[SourceVersionDate "1994.03.01"]
[SourceQuality "1"]

1. c4 e5 2. Nc3 d6 3. g3 f5 4. Bg2 Nf6 5. d4 Be7 6. dxe5 dxe5 7. Qb3 c6 8. Nf3 e4 9. Ng5 h6 10. Nh3 0-0 11. Nf4 Qe8 12. h4 Qf7 13. Bd2 Nbd7 14. Nd1 Ne5 15. Rc1 a5 16. Bc3 Bb4 17. 0-0 Bxc3 18. Qxc3 Re8 19. f3 exf3 20. exf3 Bd7 21. Nf2 Re7 22. N2d3 Rae8 23. Rfe1 Nxd3 24. Nxd3 Rxe1+ 25. Rxe1 Rxe1+ 26. Nxe1 f4 27. gxf4 Nh5 28. Nd3 Nxf4 29. Nxf4 Qxf4 30. Qxa5 Qd4+ 31. Kh2 Qxh4+ 32. Kg1 Qd4+ 33. Kh2 Kh7 34. b3 c5 35. Qd8 Qf4+ 36. Kg1 Qe3+ 37. Kh2 Qe5+ 38. Kg1 Bf5 39. Qb6 Qe1+ 40. Kh2 Qe5+ 41. Kg1 h5 42. Qxb7 h4 43. Qd5 Qe3+ 44. Kh1 Qc1+ 45. Kh2 Qf4+ 46. Kh1 Qc1+ 47. Kh2 Qf4+ 48. Kh1 h3 49. Bf1 Kh6 50. Qc6+ g6 51. Qa8 Qe5 52. a4 Qe1 53. Qf8+ Kg5 54. Qd8+ Kf4 55. Qd6+ Kxf3 56. Kg1 Qf2+ 0-1

[Event "Subotica Interzonal (Women)"]
[Site "Subotica"]
[Date "1991.??.??"]
[Round "6"]
[White "Kachiani Gersinska, Ketino"]
[Black "Levitina, Irina S"]
[Result "0-1"]
[WhiteElo "2345"]
[BlackElo "2370"]
[PlyCount "78"]
[EventDate "1991.11.??"]
[EventType "swiss"]
[EventRounds "13"]
[EventCountry "YUG"]
[SourceTitle "TD"]
[Source "ChessBase"]
[SourceDate "1994.03.01"]
[SourceVersion "1"]
[SourceVersionDate "1994.03.01"]
[SourceQuality "1"]

1. d4 Nf6 2. c4 g6 3. Nc3 Bg7 4. e4 d6 5. Be2 0-0 6. g4 c5 7. d5 e6 8. g5 Ne8 9. h4 exd5 10. cxd5 Qe7 11. Qd3 f5 12. gxf6 Nxf6 13. h5 gxh5 14. Bg5 Qf7 15. f3 a6 16. a4 Nbd7 17. f4 h6 18. Bh4 Re8 19. Nf3 Ng4 20. f5 c4 21. Qb1 Nc5 22. Nd2 Bxf5 23. Rf1 Bxc3 24. bxc3 Nxe4 25. Nxe4 Rxe4 26. Qxe4 Bxe4 27. Rxf7 Kxf7 28. Kd2 Bxd5 29. Rf1+ Ke6 30. Bxg4+ hxg4 31. Rf6+ Kd7 32. Rxh6 Re8 33. a5 Bf3 34. Rh7+ Kc6 35. Bg3 Re2+ 36. Kc1 Rg2 37. Bf4 g3 38. Rh6 Rg1+ 39. Kd2 Rd1+ 0-1